Desarrollo de la expresión integrada (Record no. 8458)

MARC details
000 -LEADER
campo de control de longitud fija 01413nam a2200397 a 4500
003 - IDENTIFICADOR DE NÚMERO DE CONTROL
campo de control AR-BaBNM
005 - FECHA Y HORA DE LA ÚLTIMA TRANSACCIÓN
campo de control 20251128204708.0
008 - DATOS DE LONGITUD FIJA--INFORMACIÓN GENERAL
campo de control de longitud fija 082120s2002 ||||||||||||||000 | spa||
020 ## - NÚMERO INTERNACIONAL ESTÁNDAR DEL LIBRO
Número Internacional Estándar del Libro 956-13-1056-2
040 ## - FUENTE DE CATALOGACIÓN
Centro/agencia transcriptor AR-BaBNM
245 00 - MENCIÓN DEL TÍTULO
Título Desarrollo de la expresión integrada
Resto del título Club Cli-clo-pips
250 ## - MENCION DE EDICION
Mención de edición 1ª ed.
260 ## - PUBLICACIÓN, DISTRIBUCIÓN, ETC.
Lugar de publicación, distribución, etc. Santiago de Chile
Nombre del editor, distribuidor, etc. Editorial Andrés Bello
Fecha de publicación, distribución, etc. 1993
300 ## - DESCRIPCIÓN FÍSICA
Extensión 220 p.
Otros detalles físicos tablas, diagr.
500 ## - NOTA GENERAL
Nota general El programa "Club Cli-clo-pips" tiene como objetivo estimulara en los niños la expresión personal a través del lenguaje, la plástica, el movimiento y la música
500 ## - NOTA GENERAL
Nota general Contiene en anexos: Listado de obras literarias empleadas en el taller
500 ## - NOTA GENERAL
Nota general Boceto y libreto empleados en la comedia musical
650 #4 - PUNTO DE ACCESO ADICIONAL DE MATERIA--TÉRMINO DE MATERIA
Término de materia o nombre geográfico como elemento de entrada METODOS DE ENSEÑANZA
650 #4 - PUNTO DE ACCESO ADICIONAL DE MATERIA--TÉRMINO DE MATERIA
Término de materia o nombre geográfico como elemento de entrada ENSEÑANZA DE LA EXPRESION ORAL
650 #4 - PUNTO DE ACCESO ADICIONAL DE MATERIA--TÉRMINO DE MATERIA
Término de materia o nombre geográfico como elemento de entrada DESARROLLO DEL LENGUAJE
650 #4 - PUNTO DE ACCESO ADICIONAL DE MATERIA--TÉRMINO DE MATERIA
Término de materia o nombre geográfico como elemento de entrada EXPRESION ORAL
650 #4 - PUNTO DE ACCESO ADICIONAL DE MATERIA--TÉRMINO DE MATERIA
Término de materia o nombre geográfico como elemento de entrada DESARROLLO DE LA CREATIVIDAD
650 #4 - PUNTO DE ACCESO ADICIONAL DE MATERIA--TÉRMINO DE MATERIA
Término de materia o nombre geográfico como elemento de entrada EDUCACION ARTISTICA
650 #4 - PUNTO DE ACCESO ADICIONAL DE MATERIA--TÉRMINO DE MATERIA
Término de materia o nombre geográfico como elemento de entrada ENSEÑANZA DE LA MUSICA
650 #4 - PUNTO DE ACCESO ADICIONAL DE MATERIA--TÉRMINO DE MATERIA
Término de materia o nombre geográfico como elemento de entrada JUEGOS EDUCATIVOS
653 ## - TÉRMINO DE INDIZACIÓN--NO CONTROLADO
Término no controlado EDUCACION PRIMARIA
653 ## - TÉRMINO DE INDIZACIÓN--NO CONTROLADO
Término no controlado EXPRESION CORPORAL
700 1# - ENTRADA AGREGADA--NOMBRE PERSONAL
Nombre de persona Beuchat, Cecilia
700 1# - ENTRADA AGREGADA--NOMBRE PERSONAL
Nombre de persona Buzada Pineda, Cecilia
700 1# - ENTRADA AGREGADA--NOMBRE PERSONAL
Nombre de persona Iriarte Maiza, Francisca
700 1# - ENTRADA AGREGADA--NOMBRE PERSONAL
Nombre de persona Lavanchy Bobsien, Carmen
700 1# - ENTRADA AGREGADA--NOMBRE PERSONAL
Nombre de persona Pregnan Sanzana, Carmen
700 1# - ENTRADA AGREGADA--NOMBRE PERSONAL
Nombre de persona Undurraga M., Gonzalo
Término indicativo de función/relación prologuista
942 ## - ELEMENTOS DE ENTRADA SECUNDARIOS (KOHA)
Tipo de ítem Koha Libros
998 ## - INFORMACIÓN DE CONTROL LOCAL (RLIN)
Iniciales del catalogador, CIN (RLIN) SILVI
Holdings
Estatus retirado Estado de pérdida Fuente de la clasificación o esquema de estantería Estado de daño No para préstamo Biblioteca de origen Biblioteca actual Fecha de adquisición Total de préstamos Signatura topográfica completa Código de barras Visto por última vez Precio de reemplazo Tipo de ítem Koha
    Clasificación Decimal Dewey     Liberty Liberty 28/11/2025   371.3 BEU 093857 28/11/2025 28/11/2025 Libros
    Clasificación Decimal Dewey     Liberty Liberty 28/11/2025   371.3 BEU 127983 28/11/2025 28/11/2025 Libros